Normal view
MARC view
Entry Topical Term
001 - CONTROL NUMBER
- control field: 30044
003 - CONTROL NUMBER IDENTIFIER
- control field: ARRUPE
005 - DATE AND TIME OF LATEST TRANSACTION
- control field: 20170428092120.0
008 - FIXED-LENGTH DATA ELEMENTS
- fixed length control field: 170428|| aca||aabn | a|a d
040 ## - CATALOGING SOURCE
- Original cataloging agency: ARRUPE
- Transcribing agency: ARRUPE
150 ## - HEADING--TOPICAL TERM
- Topical term or geographic name as entry element: Tanganyika
- General subdivision: History
670 ## - SOURCE DATA FOUND
- Source citation: Work cat.: (ARRUPE)13290: Iliffe, John 13287, A modern history of Tanganyika, 1979